Tour de France Femmes 2024 : top 3 - Statistiques

Statistiques générales
  • Ce quiz a été pris 44 fois
  • Le résultat moyen est 12 sur 24
Statistiques - réponses
Stage Cyclist % Correct
Stage 3, 1st Demi Vollering
91%
Stage 8, 1st Demi Vollering
91%
Stage 4, 2nd Demi Vollering
91%
Stage 7, 3rd Demi Vollering
91%
Stage 6, 1st Cedrine Kerbaol
74%
Stage 8, 3rd Evita Muzic
71%
Stage 6, 2nd Marianne Vos
71%
Stage 2, 3rd Marianne Vos
71%
Stage 5, 2nd Katarzyna Niewiadoma
57%
Stage 4, 3rd Katarzyna Niewiadoma
57%
Stage 2, 2nd Lorena Wiebes
54%
Stage 1, 1st Charlotte Kool
49%
Stage 2, 1st Charlotte Kool
49%
Stage 4, 1st Puck Pieterse
43%
Stage 5, 1st Blanka Vas
40%
Stage 8, 2nd Pauliena Rooijakkers
40%
Stage 7, 1st Justin Ghekiere
31%
Stage 5, 3rd Liane Lippert
31%
Stage 6, 3rd Liane Lippert
31%
Stage 3, 2nd Chloe Dygert
23%
Stage 1, 3rd Elisa Balsamo
17%
Stage 7, 2nd Maeva Squiban
17%
Stage 3, 3rd Loes Adegeest
11%
Stage 1, 2nd Anniina Ahtosalo
9%
Aucun quiz correspondant
Distribution des résultats
% des personnes avec chaque résultat
Percentile par nombre de réponses
Votre historique - résultats
Vous n’avez pas pris ce quiz